花輪線の駅名クイズ - Statistics

General Stats
  • This quiz has been taken 31 times
  • The average score is 10 of 28
Answer Stats
Hint Answer % Correct
1 大館
88%
28 盛岡
88%
11 鹿角花輪
75%
27 好摩
75%
2 東大館
50%
9 十和田南
50%
13 八幡平
38%
21 安比高原
38%
22 松尾八幡平
38%
24 平館
38%
4 大滝温泉
25%
5 十二所
25%
6 沢尻
25%
7 土深井
25%
10 柴平
25%
12 陸中大里
25%
14 湯瀬温泉
25%
16 田山
25%
17 横間
25%
18 荒屋新町
25%
19 小屋の畑
25%
23 北森
25%
25 大更
25%
26 東大更
25%
3 扇田
13%
8 末広
13%
15 兄畑
13%
20 赤坂田
13%
No matching quizzes found
Score Distribution
Percent of People with Each Score
Percentile by Number Answered
Your Score History
You have not taken this quiz